00211nam a2200073 4500001000800000005001700008245009400025260001800119125764120260217133224.0 a21 YAŞINDA ÇAĞ AÇIP ÇAĞ KAPAYAN FATİH SULTAN MEHMET cİSMAİL BİLGİN bERDEM ÇOCUK